KPOP GROUP start with letter "T" (2026update) - Statistics

General Stats
  • This quiz has been taken 152 times
    7 since last reset
  • The average score is 4 of 28
Answer Stats
Answer % Correct
M TXT
83%
M TREASURE
50%
F tripleS
50%
F TWICE
50%
F TRI.BE
33%
C Triple H
33%
M TVXQ!
33%
M TEEN TOP
17%
M TEMPEST
17%
M THE BOYZ
17%
M The Rose
17%
M TWS
17%
F TAHITI
0%
M TAN
0%
F T-ARA
0%
M TARGET
0%
F TFN
0%
F THE ARK
0%
F THE SEEYA
0%
M The Wind
0%
F TINY-G
0%
M TIOT
0%
M TNX
0%
M TO1
0%
M TRCNG
0%
M TRENDZ
0%
C Trouble Maker
0%
M Turbo
0%
No matching quizzes found
Score Distribution
Percent of People with Each Score
Percentile by Number Answered
Your Score History
You have not taken this quiz since the last reset